000 00318nam a2200133Ia 4500
005 20251222155053.0
008 251222s9999||||xx |||||||||||||| ||spa||
082 _aEMI.22
100 _aCRESPO, Carmen
245 0 _aCuidados de EnfermerĂ­a en NeonatologĂ­a
250 _a1ra. ed.
264 _bSintesis
942 _cLIB
999 _c37343
_d37343